| 000 | 01084nam a2200265Ia 4500 | ||
|---|---|---|---|
| 001 | 839.3-HIL et le (19764) | ||
| 003 | IT-MiSPE | ||
| 008 | 171229s9999||||xx |||||||||||||| ||und|| | ||
| 040 |
_aIT-MiSPE _cIT-MiSPE |
||
| 041 | _aITALIANO | ||
| 100 | _aEtty Hillesum | ||
| 240 | _aBrieven 1942-1943 | ||
| 245 | 0 | _aLettere 1942-1943 | |
| 250 | _a2a ed. | ||
| 260 |
_aMilano _bAdelphi _c2002 |
||
| 300 |
_a149 p. _c20 cm |
||
| 490 |
_aGli Adelphi _v185 |
||
| 501 | _aEdizioni San Paolo srl - Piazza Soncino, 5 - 20092 CINISELLO BALSAMO (MI) (non commercial uses only) ® Copyright 2018 | ||
| 520 | _aJan G. Gaarlandt (pref.) | ||
| 700 | _aChiara Passanti | ||
| 700 |
_aPiero Bertolucci _g(traduzione) |
||
| 942 | _cBK | ||
| 957 | _71 | ||
| 999 |
_a6171 _bNO _g Copie: 1 _c353274 _d353274 |
||